000 00304nam a22001337a 4500
008 170807b xxu||||| |||| 00| 0 eng d
020 _a9780471979982
041 _aeng
080 _a004
100 _a34
101 _aSHK
245 _aSEARCH ENGINE OPTIMIZATION FOR DUMMIES
_cKENT,P
942 _2udc
_cBK
999 _c22836
_d22836